Epic : The Musical, list the songs ! - Statistics

General Stats
  • This quiz has been taken 104 times
  • The average score is 39 of 40
Answer Stats
Saga Song % Correct
Circe Done For
100%
Vengeance Get in the Water
100%
Troy Just a Man
100%
Wisdom Little Wolf
100%
Thunder Mutiny
100%
Underworld No Longer You
100%
Ithaca Odysseus
100%
Troy Open Arms
100%
Ocean Storm
100%
Ithaca The Challenge
100%
Troy The Horse and the Infant
100%
Thunder Thunder Bringer
100%
Thunder Different Beast
99%
Wisdom God Games
99%
Ithaca Hold Them Down
99%
Ocean Keep Your Friends Close
99%
Wisdom Legendary
99%
Wisdom Love In Paradise
99%
Underworld Monster
99%
Cyclops My Goodbye
99%
Cyclops Polyphemus
99%
Circe Puppeteer
99%
Cyclops Remember Them
99%
Thunder Scylla
99%
Thunder Suffering
99%
Circe There Are Other Ways
99%
Underworld The Underworld
99%
Troy Warrior of the Mind
99%
Ithaca Would You Fall in Love with Me Again
99%
Vengeance Dangerous
97%
Troy Full Speed Ahead
97%
Circe Wouldn't you like
97%
Vengeance Not Sorry For Loving You
96%
Ocean Ruthlessness
96%
Cyclops Survive
96%
Wisdom We'll Be Fine
96%
Ocean Luck Runs out
94%
Vengeance Six Hundred Strike
94%
Vengeance Charybdis
93%
Ithaca I Can't Help but Wonder
89%
No matching quizzes found
Score Distribution
Percent of People with Each Score
Percentile by Number Answered
Your Score History
You have not taken this quiz